LEADER 01534nam a2200301 u 4500 001 000000054378 003 CaOOAMICUS 005 20070226115651.0 008 001211s1966 it u000 u ita u 035 $a10863513 040 $aPUL(R)$bita 100 0 $aEpicurus,$d341-270 a.C.$0(OLS)http://pul/name/49 240 10$aOpere$9(Epicurus, 341-270 a.C.).$lItaliano.$0(OLS)http://pul/title/12512 245 10$aOpere, frammenti, testimonianze sulla sua vita /$ca cura di Ettore Bignone ; introduzione di Gabriele Giannantoni. 260 $aBari :$bLaterza,$c1966. 300 $a133 p. ;$c18 cm 490 1 $aPiccola biblioteca filosofica Laterza ;$v9 650 4$aFilosofia antica.$0(OLS)http://pul/subject/205 700 1 $aGiannantoni, Gabriele.$0(OLS)http://pul/name/19333 700 1 $aBignone, Ettore,$d1879-1953.$0(OLS)http://pul/name/5659 700 0 $aEpicurus,$d341-270 a.C$tFrammenti$9(Epicurus, 341-270 a.C.)$lItaliano.$0(OLS)http://pul/name/38571 700 02$aDiogenes Laertius,$dsec. III?$tVita Epicuri cum testamentum$9(Diogenes Laertius, sec. III?)$lItaliano.$0(OLS)http://pul/name/38572 830 0$aPiccola biblioteca filosofica Laterza ;$v9.$0(OLS)http://pul/title/5082 850 $aPUL 852 $aPUL$W1$xDP1 Fondo Giannini$y60$m1557 B 41$j71646$nBK-PRI$b $qFondi$B71646$CPULBib$Z2$F71646 $H $81 941 1 $a1 996 $6245$aOpere, frammenti, testimonianze sulla sua vita$9(OLS)http://pul/title/72916 996 $6260$aBari :$bLaterza$9(OLS)http://pul/publisher/47895 LEADER 01546nam a2200337 a 4500 001 000000176214 003 CaOOAMICUS 005 20231002130913.0 008 231002s2023 it u000 u ita r 020 $a978-88-08-42041-1 032 $aLibriCat 040 $aPUL$bita 082 00$a346.45064 100 1 $aBauer, Riccardo.$0(OLS)http://pul/name/113187 245 10$aCodice del terzo settore : e delle organizzazioni non-profit / $cRiccardo Bauer, Raffaele Lomonaco. 260 $aMilano :$bNovecento,$c2022. 300 $aXIX, 365 p.;$c19 cm 500 $aInclude indice. 500 $aSul frontespizio: Normativa - Regolamenti e linee guida - Codice Civile - Principi contabili - Norme di Comportamento 504 $aBibliografia in nota. 650 4$aEnti non-profit$xDiritto e legislazione$zItalia.$0(OLS)http://pul/subject/46709 650 4$aDiritto privato$zItalia$vEnti senza scopo di lucro.$0(OLS)http://pul/subject/46679 700 1 $aLomonaco, Raffaele.$0(OLS)http://pul/name/50628 850 $aPUL 852 $aPUL$W1$xSL Diritto e Scienze Sociali 3$y79$m346. 45064 BAURI 1$j200361$qDDC 21$B205157$CPULBib$Z2$F205157 $H136559 $82 941 1 $a9 996 $6020$a978-88-08-42041-1$9(OLS)http://pul/number/169212 996 $6082$a346.45064$9(OLS)http://pul/classification/2205 996 $6245$aCodice del terzo settore : e delle organizzazioni non-profit / $9(OLS)http://pul/title/217707 996 $6260$aMilano :$bNovecento$9(OLS)http://pul/publisher/87570